000 00504nam a22001937a 4500
003 CEME
005 20210628201738.0
008 210216b xxu||||| |||| 00| 0 eng d
020 _a1-892051-05-2
040 _c.
082 _a790.068 GUI
100 _aGould, David
_956640
245 _aGuinness book of the 20th century
250 _aMILLENNIUM EDITION
260 _aLONDON
_bGUINNESS
_c1999
300 _a480P
650 _aWORLD RECORDS-GUINNESS BOOK OF 20TH CENTURY
_956641
942 _cBK
_2ddc
999 _c567013
_d567013